000 00704nam a2200217 i 4500
001 109112
003 ES-MaACL
005 20250822062550.0
007 t|
008 061121s1969 sp r ||||1| spa d
100 1 _aMucchielli, Roger.
_984012
245 1 0 _aIntroducción a la psicología estructural /
_cRoger Mucchielli; traducción de Ramón García López.
260 _aBarcelona :
_bAnagrama,
_c1969.
300 _a266 p. ;
_c20 cm.
490 1 _aColección "Argumentos" ;
_v6
650 0 7 _aPsicología
_2embne
_916540
700 1 _aGarcía López, Ramón.
_954851
830 0 _aColección "Argumentos" ;
_v6
_9178071
852 _aES-MaACL
_jC-39652
_bR.71521
999 _c109112
_d109112